Cargando...
The delay of the heart/
| Autor Principal: | |
|---|---|
| Formato: | Printed Book |
| Publicado: |
Albany:
State University of New York Press,
2001.
|
| Subjects: |
| LEADER | 00541nam a22001571a 4500 | ||
|---|---|---|---|
| 020 | |a 9780791447680 | ||
| 082 | |a 126 |b APP/D | ||
| 100 | |a David Appelbaum |9 161429 | ||
| 245 | |a The delay of the heart/ |c by David Appelbaum | ||
| 260 | |a Albany: |b State University of New York Press, |c 2001. | ||
| 300 | |a 167p. | ||
| 650 | |a Subjectivity |9 161430 | ||
| 650 | |a Philosophy |9 161431 | ||
| 942 | |c BK | ||
| 999 | |c 10112 |d 10112 | ||
| 952 | |0 0 |1 0 |4 0 |6 126_000000000000000_APP_D |7 0 |9 14769 |a SSUS |b SSUS |d 2015-01-08 |g 875.00 |o 126 APP/D |p 035014 |r 2015-01-08 |v 0.00 |w 2015-01-08 |y BK | ||